1966 1129 1340 1908 1943 1672 1528 1341 1421 1934 1835 1250 1868 1748 1779 1011 1595 1852 1788 1403 1155 1226 1582 1062 1917 1299 1816 1729 1426 1376 1597 1949 1528 1126 1558 1045 1606 1396 1840 1190 1455 1508 1038 1955 1714 1668 1718 1502 1416 1562 1158 1688 1880 1952 1542 1476 1631 1267 1221 1132 1552 1245 1417 1516 1375 1807 1685 1297 1578 1284 1390 1116 1744 1690 1606 1900 1624 1427 1893 1874 1020 1802 1175 1271 1348 1873 1316 1760 1373 1025 1272 1136 1070 1937 1506 1232 1490 1233 1133 BCNSPRNW ULIB Ver.6.0+V

เปลี่ยนเป็นภาษาไทย

Change to English
 แสดงรายละเอียดบรรณานุกรม
  กลับหน้าหลัก

Brief Record : Get Marc (ISO 2709) : E-mail record : QR code < ปิดหน้าต่าง
LEADER : 00000nam 2200000uu 4500
001    13399126308
003     ULIB
008    180905s2560||||th 000 0 tha d
020    ^a9786162713927
060    ^aWY100.7^bส46ก
100    ^aสุพัตรา อุปนิสากร, จารุวรรณ บุญรัตน์ และ วัชรีย์ แสงมณี, บรรณาธิการ
245    ^aการปฏิบัติการพยาบาลตามหลักฐานเชิงประจักษ์ในโรงพยาบาลสงขลานครินทร์ = Eudence - Based Nursing in Songklanagarind Hospital/^bสุพัตรา อุปนิสากร, จารุวรรณ บุญรัตน์ และ วัชรีย์ แสงมณี, บรรณาธิการ
250    ^aพิมพ์ครั้งที่ 2
260    ^aสงขลา :^bคณะแพทยศาสตร์ มหาวิทยาลัยสงขลานครินทร์,^c2560
300    ^a192 หน้า
650    ^aการพยาบาลตามหลักฐานเชิงประจักษ์
650  0 ^aการพยาบาล, การบริหาร
945    ^p0^l0^i26540
945    ^p0^l0^i26539
945    ^p0^l0^i26538
945    ^p0^l0^i26536
945    ^p0^l0^i26537
999    ^aกัณชพร จุลอักษร
รายการนี้ยังไม่มีแท็ก
คุณยังไม่ได้ล็อกอิน คุณสามารถมีกิจกรรมร่วมกับเว็บไซต์ได้ แต่ต้องล็อกอินก่อน ::
  ล็อกอิน

รายการสื่อสารสนเทศ

ลำดับที่ ประเภท เลขเรียก/บาร์โค้ด สถานที่ สถานะ
1. หนังสือสำรอง
หนังสือสำรอง
WY100.7 ส46ก ฉ.1 
  Barcode: 26536
ห้องสมุดวิทยาเขตนครสวรรค์
►หนังสือทั่วไป:l:General Books
บนชั้น
2. วิทยาศาสตร์การแพทย์ และสุขภาพ
วิทยาศาสตร์การแพทย์ และสุขภาพ
WY100.7 ส46ก ฉ.2 
  Barcode: 26537
ห้องสมุดวิทยาเขตนครสวรรค์
►หนังสือทั่วไป:l:General Books
บนชั้น
3. วิทยาศาสตร์การแพทย์ และสุขภาพ
วิทยาศาสตร์การแพทย์ และสุขภาพ
WY100.7 ส46ก ฉ.3 
  Barcode: 26538
ห้องสมุดวิทยาเขตนครสวรรค์
►หนังสือทั่วไป:l:General Books
บนชั้น
4. วิทยาศาสตร์การแพทย์ และสุขภาพ
วิทยาศาสตร์การแพทย์ และสุขภาพ
WY100.7 ส46ก ฉ.4 
  Barcode: 26539
ห้องสมุดวิทยาเขตนครสวรรค์
►หนังสือทั่วไป:l:General Books
บนชั้น
5. วิทยาศาสตร์การแพทย์ และสุขภาพ
วิทยาศาสตร์การแพทย์ และสุขภาพ
WY100.7 ส46ก ฉ.5 
  Barcode: 26540
ห้องสมุดวิทยาเขตนครสวรรค์
►หนังสือทั่วไป:l:General Books
บนชั้น

รายการใกล้เคียง
    ผู้แต่ง [สุพัตรา อุปนิสากร, จารุวรรณ บุญรัตน์ และ วัชรีย์ แสงมณี, บรรณาธิการ]

    หัวเรื่อง [การพยาบาลตามหลักฐานเชิงประจักษ์]
    หัวเรื่อง [การพยาบาล, การบริหาร]

BibComment


ยังไม่เคยถูกคอมเมนท์

คอมเมนท์ทรัพยากรรายการนี้
  คอมเมนท์: การปฏิบัติการพยา..


 Copyright 2026. Bcnsprnw @Library